000 02142nam a2200253Ia 4500
999 _c52493
_d52493
001 19516
003 GE_BSU
005 20210508135450.0
008 181216s2016||||ge |||||||||||||| ||geo||
040 _cGE_BSU
041 _ageo
080 _a57 მ-91
100 _aმურადაშვილი, მაკა
_911759
245 _aსაქართველოში გავრცელებული Ralstonia - ს გვარის ფიტოპათოგენური ბაქტერიების ბიომრავალფეროვნება და პათოგენური პოტენციალი /
_cმაკა მურადაშვილი ; სამეცნიერო ხელმძღვანელი მარინა თედიაშვილი, გალინა მფარიშვილი; ბათუმის შოთა რუსთაველის სახელმწიფო უნივერსიტესაბუნებისმეტყველო მეცნიერებათა და ჯანდაცვის ფაკულტეტი ბიოლოგიის დეპარტამენტი.ტი.
264 _aბათუმი,
_c2016.
300 _a173 გვ.:
_bცხრ,
_c30 სმ.
653 _aბიოლოგია
653 _aდისერტაცია
653 _aმიკრობიოლოგია
700 _aთედიაშვილი, მარინე
_eსამეცნიერო ხელმძღვანელი
_910718
700 _aმეფარიშვილი, გალინა
_eსამეცნიერო ხელმძღვანელი
_99855
710 _aბათუმის შოთა რუსთაველის სახელმწიფო უნივერსიტეტი
_bსაბუნებისმეტყველო მეცნიერებათა და ჯანდაცვის ფაკულტეტი ბიოლოგიის დეპარტამენტი
_910400
942 _cBK
_2udc